000 00643nam a22001937a 4500
005 20250225154127.0
010 _aENG-143944
020 _a9789388424806
_c195.00
035 _aEN-127476
037 _bDBAD/PUB
082 _aN
100 _aGupta , Aashish
_d2019
_978720
245 _aAnecdotes of a White - Collared Slave /
_cAashish Gupta
_hEnglish
_bHe is you , you are him
260 _aMaharashtra
_bVishwakarma Publications
_c2019
270 _a34A/1, suyog center , 7th Floor , Gultekadi Marketyard road , giridhar bhavan chowk .
_bPune -411037
300 _a143p.
_c21cm(pbk)
700 _978713
942 _2ddc
_cEN
_hN
_mGUP
999 _c209763
_d209763